Inseparables / (Registro nro. 59464)

Detalles MARC
000 -CABECERA
Longitud fija campo de control 01502nam a2200361 4500
003 - • IDENTIFICADOR DELl NÚMERO DE CONTROL
Identificador del número de control CO-BoRNBP
005 - • FECHA Y HORA DE LA ÚLTIMA TRANSACCIÓN
Fecha y hora de la última transacción 20251015212955.0
007 - • CAMPO FIJO DE DESCRIPCIÓN FÍSICA
Campo fijo de descripción física ta
008 - • CÓDIGOS DE INFORMACIÓN DE LONGITUD FIJA
Códigos de información de longitud fija 250131s2024 ck a|||br|||| 00| j spa d
020 ## - • NÚMERO INTERNACIONAL NORMALIZADO PARA LIBROS
Número Internacional Normalizado para Libros (ISBN) 9786289644722
040 ## - FUENTE DE LA CATALOGACIÓN
Centro catalogador de origen CO-BoRNBP
Lengua de catalogación spa
Normas de descripción rda
Centro transcriptor CO-BoRNBP
041 0# - • CÓDIGO DE LENGUA
Código de lengua del texto/banda sonora o título independiente spa
043 ## - CÓDIGO DE ÁREA GEOGRÁFICA
Código de área geográfica s-cl---
084 ## - • Clasificación Local Alfanúmerica PNLB
Número de clasificación C
100 ## - • PUNTO DE ACCESO PRINCIPAL-NOMBRE DE PERSONA
Nombre de persona Villarreal Gil, Paula
Término indicativo de función aut
245 10 - • TITULO PROPIAMENTE DICHO
Título Inseparables /
Mención de responsabilidad, etc. Paula Villarreal Gil ; ilustraciones por Sandra Conejeros Fuentes.
250 ## - • MENCIÓN DE EDICIÓN
Mención de edición Edición especial
264 #1 - PRODUCCIÓN, PUBLICACIÓN , DISTRIBUCIÓN, FABRICACIÓN Y COPYRIGHT
Lugar de producción, publicación, distribución, fabricación Bogotá, Colombia :
Nombre del productor, editor, distribuidor, fabricante Avión de Papel,
Fecha de de producción, publicación, distribución, fabricación o copyright 2024
300 ## - • DESCRIPCIÓN FÍSICA
Extensión 18 páginas sin numerar :
Otras características físicas ilustraciones a color
336 ## - TIPO DE CONTENIDO
Término de tipo de contenido texto
Código de tipo de contenido txt
Fuente rdacontenido
337 ## - TIPO DE MEDIO
Nombre del tipo de medio sin mediación
Código del tipo de medio n
Fuente rdamedio
338 ## - TIPO DE SOPORTE
Nombre del tipo de soporte volumen
Código del tipo de soporte nc
Fuente rdasoporte
520 ## - • NOTA DE RESUMEN
Resumen, etc, EUna historia narrada desde los ojos de un pequeño elefante, quien camina la vida de la mano de su abuela. Mediante coloridas ilustraciones, este libro aborda el amor familiar en primera persona e invita a recorrer sus páginas para conocer la travesía de crecer
521 ## - • NOTA DE PÚBLICO DESTINATARIO
Nota público destinatario (R ) Recomendado para un público infantil mayor de 3 años
650 07 - • PUNTO DE ACCESO ADICIONAL DE MATERIA - TÉRMINO DE MATERIA
Término de materia o nombre geográfico como elemento inicial Abuelos e hijos en la literatura
Fuente del encabezamiento o término lemb
650 07 - • PUNTO DE ACCESO ADICIONAL DE MATERIA - TÉRMINO DE MATERIA
Término de materia o nombre geográfico como elemento inicial Amor en la literatura
Fuente del encabezamiento o término lemb
650 04 - • PUNTO DE ACCESO ADICIONAL DE MATERIA - TÉRMINO DE MATERIA
Término de materia o nombre geográfico como elemento inicial Cuentos infantiles chilenos
Subdivisión cronológica Siglo XX
Fuente del encabezamiento o término LEMB
650 04 - • PUNTO DE ACCESO ADICIONAL DE MATERIA - TÉRMINO DE MATERIA
Término de materia o nombre geográfico como elemento inicial Literatura infantil chilena
Subdivisión cronológica Siglo XX
Fuente del encabezamiento o término LEMB
650 07 - • PUNTO DE ACCESO ADICIONAL DE MATERIA - TÉRMINO DE MATERIA
Término de materia o nombre geográfico como elemento inicial Relaciones familiares en la literatura
Fuente del encabezamiento o término lemb
700 ## - • PUNTO DE ACCESO ADICIONAL - NOMBRE DE PERSONA
Nombre de persona Conejeros Fuentes, Sandra
Término indicativo de función ill
942 ## - ENTRADA DE ELEMENTOS AGREGADOS (KOHA)
Fuente de clasificaión o esquema
Koha [por defecto] tipo de item Literatura Infantil
Suppress in OPAC 0
Existencias
Perdido Fuente de clasificación o esquema Estado Físico No para préstamo Forma de adquisición Localización permanente Localización actual Localización en estanterías Fecha adquisición Préstamos totales Signatura completa Código de barras Fecha última consulta Número de copia Fecha del precio de reemplazo Tipo de item de Koha Fuente de adquisición Calificador de ubicación codificada
  Dewey Decimal Classification     Infantil Biblioteca Pública Fuentedeoro - Henry Llanos García Biblioteca Pública Fuentedeoro - Henry Llanos García Sala Infantil 10/15/2025   C VIL30 Fo02851 10/15/2025 Ej.1 10/15/2025 Literatura Infantil    
  Dewey Decimal Classification     Infantil Biblioteca Pública José Eustasio Rivera - San Martin Biblioteca Pública José Eustasio Rivera - San Martin Sala Infantil 04/10/2026   C SM04533 04/10/2026 Ej.1 04/10/2026 Literatura Infantil    
  Dewey Decimal Classification     Infantil Biblioteca Pública Lejanias Biblioteca Pública Lejanias Sala Infantil 10/24/2025   C VIL30 LEJ01079 10/24/2025 Ej.1 10/24/2025 Literatura Infantil    
  Dewey Decimal Classification     Colección General Biblioteca Pública Puerto Lleras Biblioteca Pública Puerto Lleras Literatura 11/11/2025   C VIL30 PLL02709 11/11/2025 Ej.1 11/11/2025 Literatura Infantil    
  Dewey Decimal Classification     Infantil Biblioteca Pública San Carlos de Guaroa - Eduardo Carranza Biblioteca Pública San Carlos de Guaroa - Eduardo Carranza Sala Infantil 10/16/2025   C VIL30 SG04227 10/16/2025 Ej.1 10/16/2025 Literatura Infantil    
  Dewey Decimal Classification     Infantil Biblioteca Pública El Castillo - Alfonso Meneses Biblioteca Pública El Castillo - Alfonso Meneses Sala Infantil 10/16/2025   C EC03160 10/16/2025 Ej.1 10/16/2025 Literatura Infantil    
  Dewey Decimal Classification     Infantil Biblioteca Pública Castilla La Nueva -Ecobiblioteca Biblioteca Pública Castilla La Nueva -Ecobiblioteca Sala Infantil 10/31/2025   C VIL30 CLN00443 10/31/2025 Ej.1 10/31/2025 Literatura Infantil    
  Dewey Decimal Classification     Infantil Biblioteca Pública Granada - Boca del Monte Biblioteca Pública Granada - Boca del Monte Sala Infantil 12/11/2025   C VIL30 GRDA00537 12/11/2025 Ej.1 12/11/2025 Literatura Infantil    
  Dewey Decimal Classification     Infantil Biblioteca Pública Guamal Biblioteca Pública Guamal Sala Infantil 01/22/2026   C VIL30 GUA004952 01/22/2026 Ej.1 01/22/2026 Literatura Infantil    
  Dewey Decimal Classification     Infantil Biblioteca Pública La Macarena Biblioteca Pública La Macarena Sala Infantil 11/05/2025   C VIL30 LM03323 11/05/2025 Ej.1 11/05/2025 Literatura Infantil    
  Dewey Decimal Classification     Infantil Biblioteca Pública Mapiripan Biblioteca Pública Mapiripan Sala Infantil 10/23/2025   C VIL30 MAP00004589 10/23/2025 Ej.1 10/23/2025 Literatura Infantil    
  Dewey Decimal Classification     Infantil Biblioteca Pública Mapiripan - Jorge Eliecer Gaitán Biblioteca Pública Mapiripan - Jorge Eliecer Gaitán Sala Infantil 05/04/2026   CVIL30 MPJG01250 05/04/2026 Ej.1 05/04/2026 Literatura Infantil    
  Dewey Decimal Classification     Infantil Biblioteca Pública Rural El Yarí- vereda Playa Rica La Macarena Biblioteca Pública Rural El Yarí- vereda Playa Rica La Macarena Sala Infantil 10/15/2025   C 9786289644722 11/11/2025 Ej.1 11/11/2025 Literatura Infantil BIBLIOTECA NACIONAL 9786289644722









Instituto Departamental de Cultura del Meta - Red Departamental de Bibliotecas Públicas del Meta.